| 000 | 00518nam a22001697a 4500 | ||
|---|---|---|---|
| 003 | CEME | ||
| 005 | 20210628205827.0 | ||
| 008 | 210317b xxu||||| |||| 00| 0 eng d | ||
| 040 | _c. | ||
| 082 | _a297.63 TAH | ||
| 100 |
_aTahir Mustafa Muhammad Tahir Mustafa. Prof _977159 |
||
| 245 | _aSeerat-ul-rasool fee asmay-e-alrasool peace be upon him | ||
| 260 |
_aLAHORE _bSADIQ PUBLICATIONS _c1998 |
||
| 300 | _a268P | ||
| 650 |
_aISLAM-SEERAT-UL-RASOOL FEE ASMAY-E-ALRASOOL.PEACE BE UPON HIM _977160 |
||
| 942 |
_cBK _2ddc |
||
| 999 |
_c582480 _d582480 |
||